00589 2200241 4500001002100000005001500021035002000036007000300056008004100059020002200100082001100122084001700133100002100150245003600171250001000207260003000217300002600247650003200273700001000305700001000315990001100325990001100336INLIS00000000000352920090102014300 a0010-0109000074ta090102 g 0 ind  a978-602-61228-8-9 a297.12 a297.12 MUI m0 aMUIZ, Al Bantani1 aMajmu Syarif /cMuiz al Bantani acet.1 aTangerang :bMulia,c2017 axvi, 319 hlm ;c23 cm 4aISLAM. TERJEMAHAN AL-QUR'AN0 aILHAM0 aZAHRA a6820 a a6820 b